Histoire des Pares depuis la fin du Moyen Age (Record no. 116812)

MARC details
000 -LEADER
campo de control de longitud fija 00763nam a2200217 4500
001 - NÚMERO DE CONTROL
campo de control 116812
003 - IDENTIFICADOR DE NÚMERO DE CONTROL
campo de control ES-MaACL
005 - FECHA Y HORA DE LA ÚLTIMA TRANSACCIÓN
campo de control 20230906190755.0
007 - CAMPO FIJO DE DESCRIPCIÓN FÍSICA--INFORMACIÓN GENERAL
campo de control de longitud fija t|
008 - DATOS DE LONGITUD FIJA--INFORMACIÓN GENERAL
campo de control de longitud fija 070301m19071913fr r ||||1| fre d
080 ## - NÚMERO DE LA CLASIFICACIÓN DECIMAL UNIVERSAL
Número de la Clasificación Decimal Universal 270"14..."
100 1# - ENTRADA PRINCIPAL--NOMBRE DE PERSONA
Nombre de persona Pastor, Ludwig.
9 (RLIN) 89483
245 10 - MENCIÓN DEL TÍTULO
Título Histoire des Pares depuis la fin du Moyen Age
Resto del título : ouvrage écrit d'aprés un grand nombre de documents inédits du Vatican et autres /
Mención de responsabilidad, etc. par Louis Pastor ; traduit de l'allemand par Furcy Raynaud.
250 ## - MENCION DE EDICION
Mención de edición 2è éd.
260 ## - PUBLICACIÓN, DISTRIBUCIÓN, ETC.
Lugar de publicación, distribución, etc. Paris :
Nombre del editor, distribuidor, etc. Librairie Plon,
Fecha de publicación, distribución, etc. 1907-1913.
300 ## - DESCRIPCIÓN FÍSICA
Extensión 10 t. ;
Dimensiones 22 cm.
500 ## - NOTA GENERAL
Nota general Los tomos VII-X, traducidos por Alfred Poizat.
700 1# - ENTRADA AGREGADA--NOMBRE PERSONAL
Nombre de persona Raynaud, Furcy.
9 (RLIN) 95644
700 1# - ENTRADA AGREGADA--NOMBRE PERSONAL
Nombre de persona Poizat, Alfred.
9 (RLIN) 92778
852 ## - LOCALIZACIÓN
Ubicación ES-MaACL
Número de control de estantería F-7332-41
Holdings
Estatus retirado Estado de pérdida Estado de daño No para préstamo Biblioteca de origen Biblioteca actual Ubicación en estantería Fecha de adquisición Fuente de adquisición Total de préstamos Signatura topográfica completa Código de barras Visto por última vez Precio de reemplazo Tipo de ítem Koha
        Biblioteca del Ateneo de Madrid Biblioteca del Ateneo de Madrid Depósito 2 17/01/2008     F-7332-41 1121799 23/02/2023 23/02/2023 Libro impreso